000 00828nam a2200265Ia 4500
003 OSt
005 20220930093439.0
006 a|||||r|||| 00| 0
007 ta
008 220926b |||||||| |||| 00| 0 eng d
024 _a37660
037 _cTheses
040 _aCRL
_cCRL
_beng
041 _2eng
_aeng
100 _aArora Ritu Au.
_9552055
110 _aUniversity of Delhi. Faculty of Scinces. Department of Chemistry
_9543795
245 0 _aDft mechanistic studies on some important organic rearrangements
260 _c2016
300 _avii,232p.
_ap.
_ccm.
650 _aCHEMISTRY
700 _a Prof. Rita Kakkar Gu.
_9536441
700 _aUniversity of Delhi. Faculty of Scinces. Department of Chemistry
_9543797
942 _cDIS
_2CC
999 _c885396
_d885396